[Event "THA-chT"]
[Site "Bangkok"]
[Date "2019.12.16"]
[Round "1.2"]
[White "Barbe, Tom"]
[Black "Lohanimit, Thiti"]
[Result "1-0"]
[WhiteElo "2025"]
[BlackElo "1010"]
[PlyCount "35"]
[EventDate "2019.12.16"]
[EventType "team-swiss"]
[EventRounds "9"]
[EventCountry "THA"]
[SourceTitle "CBM 194 Extra"]
[Source "ChessBase"]
[SourceDate "2020.03.31"]
[SourceVersion "1"]
[SourceVersionDate "2020.03.31"]
[SourceQuality "1"]
[WhiteTeam "Red Knight CC"]
[BlackTeam "Big Rook Chess Academy IV"]
[WhiteTeamCountry "THA"]
[BlackTeamCountry "THA"]

1. e4 e5 2. Nf3 Nc6 3. d4 exd4 4. Nxd4 Qh4 5. Nc3 Bb4 6. Ndb5 Qxe4+ 7. Be2 Bxc3+ 8. bxc3 Kd8 9. 0-0 Nf6 10. Bg5 Qe5 11. Qd2 h6 12. Bf4 Qd5 13. Bxc7+ Ke7 14. Qf4 Ne8 15. Bc4 g5 16. Qe3+ Qe6 17. Bxe6 dxe6 18. Qc5+ 1-0

[Event "Thailand Pattaya U16 op 2nd"]
[Site "Pattaya"]
[Date "2019.10.19"]
[Round "2"]
[White "Lohanimit, Thiti"]
[Black "Chuensuwonkul, Pariyakul"]
[Result "0-1"]
[WhiteElo "1010"]
[BlackElo "1217"]
[PlyCount "102"]
[EventDate "2019.10.19"]
[EventType "swiss"]
[EventRounds "9"]
[EventCountry "THA"]
[SourceTitle "CBM 193 Extra"]
[Source "ChessBase"]
[SourceDate "2020.01.31"]
[SourceVersion "1"]
[SourceVersionDate "2020.01.31"]
[SourceQuality "1"]

1. e4 c5 2. Nf3 a6 3. Bc4 e6 4. 0-0 b5 5. Be2 Bb7 6. d4 Bxe4 7. dxc5 Bxc5 8. Nc3 Bb7 9. Be3 Bxe3 10. fxe3 Nf6 11. Ne1 0-0 12. Bf3 d5 13. b4 Nc6 14. a3 Ne5 15. Qd4 Nc4 16. Be2 Rc8 17. Nf3 Rc7 18. Bd3 Nxe3 19. Qxe3 Rxc3 20. Bxh7+ Nxh7 21. Qxc3 Qb6+ 22. Qc5 Qxc5+ 23. bxc5 Rc8 24. Ne5 Nf6 25. c6 Bxc6 26. Nxc6 Rxc6 27. Rac1 Rc3 28. Rf3 Rc4 29. Kf2 e5 30. Ke2 e4 31. Rf5 d4 32. Kd2 Rc3 33. a4 bxa4 34. Ra5 a3 35. Rxa6 Ng4 36. h3 Ne3 37. Rd6 Nc4+ 38. Ke1 Nxd6 39. Rd1 d3 40. Kd2 Rxc2+ 41. Ke3 a2 42. Kd4 d2 43. Ke5 Nc4+ 44. Kxe4 Rc1 45. Rxc1 dxc1Q 46. Kd3 a1R 47. Kd4 Qd2+ 48. Ke4 Re1+ 49. Kf3 Re3+ 50. Kf4 Qd4+ 51. Kf5 Re5# 0-1